000 00693nam a2200205Ia 4500
001 22368
003 GE_BSU
008 181216s||||||||xx |||||||||||||| ||und||
040 _cGE_BSU
245 _aИнформационно-управляющие системы. №1(92) 2018
245 _cГл.ред.Сергеев М.Б.
260 _aМосква
260 _c2018
300 _a134 стр. 28 см. илл.
653 _aИнформационно-управляющие системы. №1(92) 2018
653 _aПериодика
653 _aპერიოდიკა
653 _aსაინფორმაციო ტექნოლოგიები
942 _cCR
999 _c55292
_d55292